| 000 | 00793nam a22002537a 4500 | ||
|---|---|---|---|
| 003 | OSt | ||
| 008 | 230518b2007 |||||||| |||| 00| 0 eng d | ||
| 020 | _a9788131501566 | ||
| 082 |
_a658.7 _bSHA-M |
||
| 100 | _aShapiro, Jeremy F. | ||
| 245 |
_aModeling the supply chain / _cJeremy F. Shapiro |
||
| 250 | _a2nd ed. | ||
| 260 |
_aAndover : _bCengage Learning, _c2007. |
||
| 300 | _axvi, 608p. ; | ||
| 650 | _aLinear programming | ||
| 650 | _aMaterials management-Mathematical models | ||
| 650 | _aBusiness logistics-Mathematical models | ||
| 650 | _aIndustrial procurement-Mathematical models | ||
| 650 | _aMarketing channels-Mathematical models | ||
| 650 | _aMarketing channels | ||
| 650 | _aMaterial requirements planning | ||
| 650 | _aMaterials management | ||
| 942 |
_2ddc _cBK _01 |
||
| 999 |
_c19572 _d19572 |
||